[Event "10th European Individual Women's Championship"]
[Site "St Petersburg RUS"]
[Date "2009.03.09"]
[EventDate "2009.03.08"]
[Round "2"]
[Result "1-0"]
[White "Anna Muzychuk"]
[Black "Anastasia Sorokina"]
[WhiteElo "2540"]
[BlackElo "2087"]
[PlyCount "103"]

1. e4 c5 2. Nf3 d6 3. d4 cxd4 4. Nxd4 Nf6 5. Nc3 g6 6. Be3 Bg7
7. f3 a6 8. Qd2 Nc6 9. O-O-O Bd7 10. g4 h5 11. g5 Nh7 12. f4
Qa5 13. Kb1 Nf8 14. h4 Ne6 15. Nb3 Bxc3 16. bxc3 Qa4 17. e5
O-O-O 18. Bb6 dxe5 19. Bxd8 Rxd8 20. Bh3 exf4 21. Rhf1 Qc4
22. Qd3 Qa4 23. Rfe1 Kc7 24. Re4 Qa3 25. Qf3 b5 26. Bxe6 Bxe6
27. Rxd8 Nxd8 28. Qxf4+ Qd6 29. Nc5 Qxf4 30. Rxf4 Bc8 31. c4
e5 32. Rf6 bxc4 33. Kb2 a5 34. Kc3 Bf5 35. Kxc4 Bxc2 36. Kd5
Bb1 37. a3 Ba2+ 38. Kxe5 Nc6+ 39. Ke4 Bc4 40. Nd3 Bb3 41. Ne5
Nd8 42. Kd4 a4 43. Kc3 Ba2 44. Kb4 Bb3 45. Kb5 Kb7 46. Rd6 Kc8
47. Kb6 Be6 48. Rd4 Bb3 49. Rd7 Be6 50. Ra7 Kb8 51. Rxa4 Nb7
52. Nc6+ 1-0

[Event "10th European Individual Women's Championship"]
[Site "St Petersburg RUS"]
[Date "2009.03.10"]
[EventDate "2009.03.08"]
[Round "3"]
[Result "0-1"]
[White "Tatiana Malgina-Sterliagova"]
[Black "Anna Muzychuk"]
[WhiteElo "2342"]
[BlackElo "2540"]
[PlyCount "102"]

1. d4 Nf6 2. c4 g6 3. Nc3 Bg7 4. e4 O-O 5. Nf3 d6 6. h3 Na6
7. Be3 e5 8. d5 Nc5 9. Nd2 a5 10. g4 Nfd7 11. Qc2 b6 12. O-O-O
f5 13. gxf5 gxf5 14. exf5 Nf6 15. Rg1 Kh8 16. Be2 Qd7 17. Bg4
h5 18. f3 Ba6 19. Nce4 Qa4 20. Qxa4 Nxa4 21. Nxf6 Rxf6
22. Bxh5 Rxf5 23. Bg4 Rff8 24. Ne4 Nc5 25. b3 a4 26. Kc2 axb3+
27. axb3 Bc8 28. Bxc8 Nxe4 29. fxe4 Rf3 30. Rge1 Rxc8 31. Ra1
Rxh3 32. Ra7 Rf8 33. Rxc7 Rff3 34. Rd7 Rxe3 35. Rxe3 Rxe3
36. Rxd6 Rxe4 37. Rxb6 Rd4 38. d6 e4 39. c5 Be5 40. Rb8+ Kg7
41. Re8 Kf6 42. Rf8+ Ke6 43. Re8+ Kf5 44. Rf8+ Kg4 45. Re8 Kf4
46. Rf8+ Ke3 47. Re8 Rd2+ 48. Kb1 Bc3 49. Rg8 Bb4 50. Rg5 Kf4
51. Rh5 e3 0-1

[Event "10th European Individual Women's Championship"]
[Site "St Petersburg RUS"]
[Date "2009.03.11"]
[EventDate "2009.03.08"]
[Round "4"]
[Result "0-1"]
[White "Anna Muzychuk"]
[Black "Tatiana Shadrina"]
[WhiteElo "2540"]
[BlackElo "2416"]
[PlyCount "178"]

1. e4 e5 2. Nf3 Nc6 3. d4 exd4 4. Bc4 Nf6 5. e5 d5 6. Bb5 Ne4
7. Nxd4 Bc5 8. Be3 Bd7 9. Bxc6 bxc6 10. O-O Qe7 11. Re1 O-O
12. f3 Ng5 13. Qd2 h6 14. Nc3 Bb6 15. Nb3 Qb4 16. Ne4 Qxd2
17. Nexd2 Ne6 18. c4 d4 19. Bf2 c5 20. a4 a5 21. Nc1 f5
22. exf6 Rxf6 23. Nd3 Nf4 24. Ne5 Bf5 25. Bg3 Nd3 26. Nxd3
Bxd3 27. Re7 Rf7 28. Re6 Raf8 29. Rae1 Rf6 30. h4 Rxe6
31. Rxe6 Kf7 32. Re5 Re8 33. h5 Rxe5 34. Bxe5 Bc2 35. b3 c6
36. Kf2 Bd8 37. g3 Bb6 38. Ke2 g6 39. g4 gxh5 40. gxh5 Bd8
41. Bd6 Ke6 42. Bxc5 Ke5 43. f4+ Kxf4 44. Bxd4 Kg4 45. Ba7
Kxh5 46. Kf3 Bf6 47. Bb6 Bc3 48. Ke3 Kg4 49. Bd4 Bb4 50. Bb6
h5 51. Nf3 c5 52. Ne5+ Kg3 53. Nd7 h4 54. Nxc5 h3 55. Bc7+ Kg2
56. Nd3 Bxd3 57. Kxd3 Bc5 58. b4 Bb6 59. Be5 axb4 60. Kc2 Kf3
61. Kb3 Ke4 62. Bh2 Ba5 63. Bg3 Kd4 64. Bd6 Ke4 65. Bh2 Kf5
66. Bg3 Ke6 67. Bh2 Kd7 68. Bg1 Kc6 69. Bh2 Kb7 70. c5 Kc6
71. Kc4 b3 72. Kxb3 Kxc5 73. Bg3 Kd4 74. Bd6 Ke4 75. Kc4 Bd2
76. Bh2 Bf4 77. Bg1 Kf3 78. a5 Kg2 79. a6 Bb8 80. Kb5 Kxg1
81. Kb6 h2 82. Kb7 h1=Q+ 83. Kxb8 Qh8+ 84. Kb7 Qg7+ 85. Kb6
Qf6+ 86. Kb7 Qe7+ 87. Kb8 Qd6+ 88. Kb7 Qd7+ 89. Kb8 Qb5+ 0-1

[Event "10th European Individual Women's Championship"]
[Site "St Petersburg RUS"]
[Date "2009.03.14"]
[EventDate "2009.03.08"]
[Round "7"]
[Result "0-1"]
[White "Kateryna Dolzhykova"]
[Black "Anna Muzychuk"]
[WhiteElo "2294"]
[BlackElo "2540"]
[PlyCount "100"]

1. e4 c5 2. Nf3 e6 3. c4 Nc6 4. Nc3 e5 5. d3 g6 6. g3 Bg7
7. Bg2 d6 8. O-O Nge7 9. Ne1 O-O 10. Nc2 Be6 11. f4 exf4
12. gxf4 f5 13. Nd5 Qd7 14. Rb1 Rae8 15. b3 fxe4 16. dxe4 Nd4
17. Nxd4 Bxd4+ 18. Kh1 Nxd5 19. cxd5 Bh3 20. Qf3 Bxg2+
21. Kxg2 Qg7 22. Kh1 Bc3 23. Be3 Qe7 24. Bxc5 dxc5 25. Qxc3
Qxe4+ 26. Kg1 Rxf4 27. Rxf4 Qxf4 28. Rf1 Qg5+ 29. Qg3 Qxg3+
30. hxg3 Rd8 31. Re1 Kf7 32. Re5 Re8 33. Rg5 Kf6 34. Rg4 Ke5
35. Rh4 Re7 36. Rh2 Kxd5 37. Rd2+ Kc6 38. Kf2 b5 39. Rc2 a5
40. Kf3 a4 41. Kf4 axb3 42. axb3 Rd7 43. Rc3 c4 44. bxc4 b4
45. Rc1 Kc5 46. Kg5 b3 47. Kh6 b2 48. Rb1 Rb7 49. g4 g5
50. Kxg5 Rb6 0-1

[Event "10th European Individual Women's Championship"]
[Site "St Petersburg RUS"]
[Date "2009.03.17"]
[EventDate "2009.03.08"]
[Round "9"]
[Result "1/2-1/2"]
[White "Mariya Muzychuk"]
[Black "Anna Muzychuk"]
[WhiteElo "2427"]
[BlackElo "2540"]
[PlyCount "42"]

1. e4 e6 2. d4 d5 3. exd5 exd5 4. Nf3 Bd6 5. Bd3 Nf6 6. O-O
O-O 7. Ne5 c5 8. c3 Nc6 9. Nxc6 bxc6 10. dxc5 Bxc5 11. Bg5 h6
12. Bh4 Re8 13. Nd2 g5 14. Bg3 Bg4 15. Qc2 Nh5 16. Nb3 Nxg3
17. hxg3 Bb6 18. Rfe1 Qd7 19. Nd4 Rxe1+ 20. Rxe1 Re8 21. Rxe8+
Qxe8 1/2-1/2

[Event "10th European Individual Women's Championship"]
[Site "St Petersburg RUS"]
[Date "2009.03.19"]
[EventDate "2009.03.08"]
[Round "11"]
[Result "0-1"]
[White "Julia Demina"]
[Black "Anna Muzychuk"]
[WhiteElo "2361"]
[BlackElo "2540"]
[PlyCount "52"]

1. d4 f5 2. Bg5 h6 3. Bf4 Nf6 4. e3 d6 5. h4 g6 6. Nd2 Bg7
7. Bc4 e6 8. c3 Qe7 9. Ngf3 Nc6 10. Qa4 Bd7 11. Qa3 a6 12. Nb3
Nd8 13. Nc1 Nf7 14. Nd3 Ne4 15. O-O-O b5 16. Bb3 a5 17. Nd2
O-O 18. Nxe4 fxe4 19. Ne1 Rfb8 20. Bc2 b4 21. cxb4 axb4
22. Qb3 Bc6 23. d5 Bxd5 24. Rxd5 exd5 25. Qxd5 Qf6 26. Qb3 c5
0-1

[Event "Russian Team Championship: Women's League"]
[Site "Dagomys RUS"]
[Date "2009.04.02"]
[EventDate "2009.04.02"]
[Round "1"]
[Result "1-0"]
[White "Anna Muzychuk"]
[Black "Svetlana Matveeva"]
[WhiteElo "2533"]
[BlackElo "2410"]
[PlyCount "77"]

1. e4 e6 2. d4 d5 3. Nc3 Bb4 4. e5 Ne7 5. a3 Bxc3+ 6. bxc3 c5
7. Qg4 Kf8 8. a4 Qc7 9. Nf3 cxd4 10. Qxd4 Nbc6 11. Qc5 f6
12. Bb5 Kf7 13. O-O a6 14. exf6 gxf6 15. Bd3 e5 16. Nh4 Bd7
17. Qe3 h5 18. Ba3 Rag8 19. f3 Be6 20. Rab1 f5 21. Qb6 Qxb6+
22. Rxb6 Bc8 23. c4 d4 24. Bxe7 Kxe7 25. Nxf5+ Kd7 26. c5 Kc7
27. Nd6 Rg7 28. Rfb1 Na5 29. Be4 h4 30. f4 exf4 31. Bxb7 Rhg8
32. Bxc8 Rxg2+ 33. Kh1 Rxc2 34. Bh3 d3 35. Rxa6 Nb3 36. Nb5+
Kb7 37. Rb6+ Ka8 38. Nc7+ Ka7 39. R6xb3 1-0

[Event "Russian Team Championship: Women's League"]
[Site "Dagomys RUS"]
[Date "2009.04.04"]
[EventDate "2009.04.02"]
[Round "3"]
[Result "1/2-1/2"]
[White "Elisabeth Paehtz"]
[Black "Anna Muzychuk"]
[WhiteElo "2459"]
[BlackElo "2533"]
[PlyCount "50"]

1. e4 c5 2. Nf3 Nc6 3. d4 cxd4 4. Nxd4 Nf6 5. Nc3 e5 6. Ndb5
d6 7. Bg5 a6 8. Na3 b5 9. Nd5 Be7 10. Bxf6 Bxf6 11. c3 Bg5
12. Nc2 Rb8 13. Be2 O-O 14. O-O a5 15. b3 Ne7 16. Nxe7+ Qxe7
17. c4 Bb7 18. Na3 bxc4 19. Nxc4 Rbd8 20. Nxa5 Bxe4 21. Bf3
Bxf3 22. Qxf3 Qe6 23. b4 e4 24. Qb3 Rb8 25. Rab1 Rfc8 1/2-1/2

[Event "Russian Team Championship: Women's League"]
[Site "Dagomys RUS"]
[Date "2009.04.05"]
[EventDate "2009.04.02"]
[Round "4"]
[Result "1-0"]
[White "Anna Muzychuk"]
[Black "Natalia Zhukova"]
[WhiteElo "2533"]
[BlackElo "2461"]
[PlyCount "107"]

1. e4 e6 2. d4 d5 3. Nc3 Bb4 4. e5 c5 5. a3 Bxc3+ 6. bxc3 Ne7
7. Qg4 cxd4 8. Qxg7 Rg8 9. Qxh7 Qc7 10. Ne2 Nbc6 11. f4 dxc3
12. Qd3 d4 13. Nxd4 Nxd4 14. Qxd4 Bd7 15. Rb1 Nf5 16. Qf2 Bc6
17. Rg1 Qd7 18. Be3 O-O-O 19. Bd3 Qd5 20. Bxa7 Qa2 21. Rd1 Rd5
22. g4 Ne7 23. Bc5 Ng6 24. Bd6 Qb2 25. h4 f6 26. h5 fxe5
27. hxg6 Rxd6 28. fxe5 Rdd8 29. Qc5 Kb8 30. Rg3 Rd5 31. Qb4
Rxe5+ 32. Kf2 Qxb4 33. axb4 Be8 34. Re3 Rg5 35. Rxe6 Rxg4
36. Bf5 Rf4+ 37. Ke3 Rxf5 38. Rd8+ Ka7 39. Rdxe8 Rxe8 40. Rxe8
Rg5 41. Re6 Rg2 42. Kd3 Rg3+ 43. Kc4 Kb8 44. Kc5 Ka7 45. Kd4
Kb8 46. Ke5 Rg2 47. Kd4 Rg3 48. Rf6 Ka7 49. b5 Rh3 50. g7 Rg3
51. Rf7 Kb6 52. Ke5 Rg2 53. Kf6 Rf2+ 54. Ke7 1-0

[Event "Russian Team Championship: Women's League"]
[Site "Dagomys RUS"]
[Date "2009.04.07"]
[EventDate "2009.04.02"]
[Round "5"]
[Result "0-1"]
[White "Natalia Zdebskaja"]
[Black "Anna Muzychuk"]
[WhiteElo "2438"]
[BlackElo "2533"]
[PlyCount "86"]

1. e4 e5 2. Nf3 Nc6 3. Bb5 a6 4. Ba4 Nf6 5. O-O Be7 6. Re1 b5
7. Bb3 d6 8. c3 O-O 9. h3 Na5 10. Bc2 d5 11. d4 dxe4 12. Nxe5
c5 13. Be3 Qc7 14. Nd2 Bb7 15. Qb1 cxd4 16. Bxd4 Bd6 17. Ng4
Nxg4 18. hxg4 Bh2+ 19. Kh1 Bf4 20. Nxe4 Rfe8 21. g5 Nc6
22. Be3 Bxe3 23. Rxe3 Ne5 24. Qd1 Nc4 25. Re1 Bxe4 26. Bxe4
Rad8 27. Qg4 Nxb2 28. Re3 g6 29. Rae1 Nc4 30. Rh3 Nd2 31. Qh4
h5 32. f3 Qc4 33. a3 Re6 34. Rd1 Qb3 35. Re1 Rde8 36. Re3 Qxa3
37. Qe1 Rd8 38. Kh2 Qd6+ 39. Kh1 Qf4 40. g4 Nxe4 41. fxe4 Qxg4
42. Rhg3 Qh4+ 43. Kg1 Red6 0-1

[Event "Russian Team Championship: Women's League"]
[Site "Dagomys RUS"]
[Date "2009.04.08"]
[EventDate "2009.04.02"]
[Round "6"]
[Result "1-0"]
[White "Anna Muzychuk"]
[Black "Valentina Solovjova"]
[WhiteElo "2533"]
[BlackElo "2305"]
[PlyCount "63"]

1. f4 e5 2. fxe5 d6 3. Nf3 dxe5 4. Nxe5 Bd6 5. Nf3 g5 6. g3 g4
7. Nh4 Ne7 8. d4 Ng6 9. Nxg6 hxg6 10. Qd3 Nc6 11. c3 Bf5
12. e4 Qe7 13. Bg2 O-O-O 14. Be3 Rde8 15. Nd2 Rxh2 16. Rxh2
Bxg3+ 17. Ke2 Bxh2 18. exf5 Bf4 19. Nf1 Qg5 20. Re1 gxf5
21. Kd1 Bxe3 22. Nxe3 f4 23. Qf5+ Qxf5 24. Nxf5 Rh8 25. Rh1
Re8 26. Bd5 Nd8 27. Rg1 f3 28. Bc4 Re4 29. Bd3 Rf4 30. Ne3 f2
31. Rxg4 Rf3 32. Ke2 1-0

[Event "Maia Chiburdanidze Cup"]
[Site "Tbilisi, Georgia"]
[Date "2009.06.05"]
[EventDate "2009.06.04"]
[Round "1"]
[Result "1-0"]
[White "Anna Muzychuk"]
[Black "Meri Zhorzholiani"]
[WhiteElo "2533"]
[BlackElo "2135"]
[PlyCount "39"]

1. e4 d6 2. d4 Nf6 3. Nc3 g6 4. Bg5 c6 5. Qd2 Bg7 6. Bh6 Bxh6
7. Qxh6 Nbd7 8. O-O-O Qa5 9. Nf3 b5 10. e5 dxe5 11. dxe5 Ng4
12. Qf4 b4 13. Bc4 Ndxe5 14. Nxe5 Nxe5 15. Nd5 f6 16. Nxf6+
exf6 17. Qxf6 Rf8 18. Qg7 Bd7 19. Rhe1 O-O-O 20. Rxe5 1-0

[Event "Maia Chiburdanidze Cup"]
[Site "Tbilisi, Georgia"]
[Date "2009.06.07"]
[EventDate "2009.06.04"]
[Round "3"]
[Result "1/2-1/2"]
[White "Anna Muzychuk"]
[Black "Maka Purtseladze"]
[WhiteElo "2533"]
[BlackElo "2327"]
[PlyCount "100"]

1. e4 c6 2. d3 d5 3. Nd2 g6 4. Ngf3 Bg7 5. g3 e5 6. Bg2 Ne7
7. O-O O-O 8. b4 a5 9. bxa5 dxe4 10. dxe4 Qxa5 11. Bb2 Rd8
12. Qe2 Qb5 13. Qxb5 cxb5 14. Nb3 Nbc6 15. a3 Be6 16. Rfd1 b6
17. Bf1 Bc4 18. Rxd8+ Rxd8 19. Nbd2 Bxf1 20. Kxf1 Bh6 21. Ke2
f6 22. a4 b4 23. Nc4 Na5 24. Nxa5 bxa5 25. c3 Rc8 26. Kd3 Nc6
27. Rd1 Kf7 28. Ne1 Ke6 29. Nc2 Rd8+ 30. Ke2 Rxd1 31. Kxd1 Kd6
32. cxb4 axb4 33. Na1 Kc5 34. Nb3+ Kc4 35. Kc2 f5 36. exf5
gxf5 37. h3 e4 38. Bf6 e3 39. fxe3 Bxe3 40. g4 f4 41. Nd2+
Bxd2 42. Kxd2 Nd4 43. a5 Nb3+ 44. Ke2 Nxa5 45. Kf3 Kd5
46. Kxf4 Nc4 47. Ba1 Ke6 48. Kg5 Kf7 49. Kh6 Kg8 50. g5 b3
1/2-1/2

[Event "Maia Chiburdanidze Cup"]
[Site "Tbilisi, Georgia"]
[Date "2009.06.09"]
[EventDate "2009.06.04"]
[Round "5"]
[Result "1-0"]
[White "Anna Muzychuk"]
[Black "Bela Khotenashvili"]
[WhiteElo "2533"]
[BlackElo "2364"]
[PlyCount "117"]

1. e4 c6 2. d4 d5 3. e5 Bf5 4. Nc3 a6 5. Be3 e6 6. g4 Bg6
7. Nge2 Ne7 8. f4 Qb6 9. Na4 Qc7 10. Ng3 Nd7 11. Bh3 f5
12. exf6 gxf6 13. g5 fxg5 14. fxg5 Nf5 15. Nxf5 exf5 16. Qd2
Bd6 17. O-O O-O 18. Bf4 Rae8 19. Nc3 Nb6 20. Qf2 Nc4 21. Na4
Qg7 22. Rae1 Re4 23. Bxd6 Nxd6 24. Nc5 Rxe1 25. Rxe1 Ne4
26. Nxe4 fxe4 27. Qd2 Bf5 28. Bg2 Bg4 29. Rf1 Rxf1+ 30. Kxf1
Qc7 31. h3 Bf3 32. Bxf3 exf3 33. Qe3 Qh2 34. Qe8+ Kg7 35. Qe7+
Kg8 36. Qe8+ Kg7 37. Qe5+ Qxe5 38. dxe5 Kf7 39. Kf2 Ke6
40. Kxf3 Kxe5 41. Kg4 c5 42. h4 d4 43. h5 c4 44. Kf3 Kf5
45. g6 hxg6 46. hxg6 Kxg6 47. Ke4 d3 48. cxd3 cxd3 49. Kxd3
Kf5 50. Kd4 Ke6 51. Kc5 Kd7 52. Kb6 Kc8 53. Ka7 Kc7 54. b4 Kc6
55. a4 Kc7 56. b5 axb5 57. axb5 b6 58. Ka6 Kb8 59. Kxb6 1-0

[Event "Maia Chiburdanidze Cup"]
[Site "Tbilisi, Georgia"]
[Date "2009.06.10"]
[EventDate "2009.06.04"]
[Round "6"]
[Result "1-0"]
[White "Nana Dzagnidze"]
[Black "Anna Muzychuk"]
[WhiteElo "2541"]
[BlackElo "2533"]
[PlyCount "53"]

1. d4 e6 2. c4 f5 3. Nc3 Nf6 4. g3 g6 5. Bg5 h6 6. Bxf6 Qxf6
7. e4 fxe4 8. Bg2 Bb4 9. Nge2 d5 10. O-O c6 11. f3 e3 12. Qd3
O-O 13. Qxe3 Kg7 14. f4 dxc4 15. g4 Qe7 16. Ng3 Nd7 17. Rae1
Nf6 18. h3 Qc7 19. Re2 Bd7 20. Be4 Nd5 21. Nxd5 exd5 22. Bxg6
Kxg6 23. f5+ Kh7 24. g5 Rae8 25. g6+ Kg8 26. Qxh6 Bxf5
27. Nxf5 1-0

[Event "Maia Chiburdanidze Cup"]
[Site "Tbilisi, Georgia"]
[Date "2009.06.11"]
[EventDate "2009.06.04"]
[Round "7"]
[Result "1/2-1/2"]
[White "Anna Muzychuk"]
[Black "Mariya Muzychuk"]
[WhiteElo "2533"]
[BlackElo "2441"]
[PlyCount "42"]

1. e4 c5 2. Nf3 d6 3. d4 cxd4 4. Nxd4 Nf6 5. Nc3 a6 6. Be3 e5
7. Nb3 Be6 8. Be2 Be7 9. O-O O-O 10. Qd2 Nbd7 11. a4 Rc8
12. a5 Nc5 13. Nxc5 dxc5 14. Qxd8 Rfxd8 15. f3 c4 16. Na4 Nd7
17. Rfd1 Bb4 18. Bd2 Bxd2 19. Rxd2 Nb8 20. Rad1 Rxd2 21. Rxd2
Nd7 1/2-1/2

[Event "6th Kalamaria Open"]
[Site "Kalamaria - Thessaloniki (GRE)"]
[Date "2009.08.22"]
[EventDate "2009.08.22"]
[Round "8"]
[Result "0-1"]
[White "Theodoros Romanos"]
[Black "Anna Muzychuk"]
[WhiteElo "2085"]
[BlackElo "2542"]
[PlyCount "66"]

1. e4 e5 2. Nf3 Nc6 3. Bb5 a6 4. Bxc6 dxc6 5. O-O f6 6. d4
exd4 7. Nxd4 c5 8. Ne2 Qxd1 9. Rxd1 Bd7 10. Nbc3 Ne7 11. f3
O-O-O 12. Be3 Nc6 13. Nd5 Ne5 14. Bf4 c4 15. Kf2 Be6 16. Be3
Bd6 17. h3 Rhe8 18. g4 b6 19. Nd4 Bf7 20. g5 fxg5 21. Bxg5 Rd7
22. Nf5 Bxd5 23. Rxd5 Bc5+ 24. Be3 Rxd5 25. exd5 Rf8 26. Nd4
Bxd4 27. Bxd4 Rxf3+ 28. Kg2 Rf5 29. Re1 Nf3 30. Re4 Nxd4
31. Rxd4 b5 32. a4 Kd7 33. axb5 axb5 0-1

[Event "6th Kalamaria Open"]
[Site "Kalamaria - Thessaloniki (GRE)"]
[Date "2009.08.23"]
[EventDate "2009.08.22"]
[Round "3"]
[Result "1-0"]
[White "Mert Erdogdu"]
[Black "Anna Muzychuk"]
[WhiteElo "2463"]
[BlackElo "2542"]
[PlyCount "61"]

1. e4 d5 2. exd5 Nf6 3. Bb5+ Bd7 4. Be2 Nxd5 5. d4 Bf5 6. Nf3
e6 7. O-O Be7 8. a3 O-O 9. c4 Nb6 10. Nc3 Bf6 11. h3 Nc6
12. Be3 Qd7 13. b4 Rfd8 14. Qb3 a5 15. Rad1 axb4 16. axb4 Qe8
17. Rfe1 h6 18. d5 Bxc3 19. Qxc3 Ne7 20. Bxb6 cxb6 21. Nd4
Rac8 22. dxe6 fxe6 23. Nxf5 Nxf5 24. Qe5 Qf7 25. c5 bxc5
26. Bc4 Rxd1 27. Rxd1 Re8 28. bxc5 Kh8 29. Re1 Qd7 30. Bxe6
Qd2 31. Re4 1-0

[Event "6th Kalamaria Open"]
[Site "Kalamaria - Thessaloniki (GRE)"]
[Date "2009.08.23"]
[EventDate "2009.08.25"]
[Round "5"]
[Result "1-0"]
[White "Sergei Iskusnyh"]
[Black "Anna Muzychuk"]
[WhiteElo "2471"]
[BlackElo "2542"]
[PlyCount "81"]

1. d4 Nf6 2. c4 e6 3. Nf3 c5 4. d5 exd5 5. cxd5 d6 6. Nc3 g6
7. Nd2 Bg7 8. e4 O-O 9. Be2 Na6 10. O-O Nc7 11. a4 Re8 12. Kh1
Rb8 13. f3 b6 14. Nc4 Ba6 15. Bg5 h6 16. Be3 Bxc4 17. Bxc4 a6
18. Qd3 Qc8 19. Rab1 Nd7 20. Qd2 b5 21. Be2 b4 22. Nd1 h5
23. b3 Ne5 24. Nb2 f5 25. Nc4 Nxc4 26. Bxc4 fxe4 27. Bxc5 Nb5
28. Bxb4 e3 29. Qd3 Qd7 30. Qxg6 Nd4 31. Bc3 Qf5 32. Qxf5 Nxf5
33. Bxg7 Kxg7 34. Bxa6 Nd4 35. Bc4 Nc2 36. a5 Na3 37. Rbc1
Nxc4 38. bxc4 Rb4 39. Rfe1 Ra4 40. Rc3 Rxa5 41. Kg1 1-0

[Event "6th Kalamaria Open"]
[Site "Kalamaria - Thessaloniki (GRE)"]
[Date "2009.08.23"]
[EventDate "2009.08.22"]
[Round "2"]
[Result "1-0"]
[White "Anna Muzychuk"]
[Black "Antonios Hadzimanolis"]
[WhiteElo "2542"]
[BlackElo "2085"]
[PlyCount "59"]

1. e4 e5 2. Nf3 Nc6 3. Bc4 Nf6 4. Ng5 d5 5. exd5 Na5 6. Bb5+
c6 7. dxc6 bxc6 8. Be2 h6 9. Nf3 e4 10. Ne5 Bd6 11. f4 exf3
12. Nxf3 O-O 13. O-O Qc7 14. Nc3 Re8 15. Qe1 Nc4 16. Qh4 Nb6
17. d4 Nbd5 18. Bd3 Nf4 19. Bxf4 Bxf4 20. Rae1 Rb8 21. Rxe8+
Nxe8 22. Ne2 Be3+ 23. Kh1 Nd6 24. Ne5 Be6 25. Qg3 Bg5 26. h4
Bd8 27. Nf4 Nf5 28. Bxf5 Bxf5 29. Nh5 f6 30. Nxc6 1-0

[Event "Inventi Chess Tournament"]
[Site "Antwerp BEL"]
[Date "2009.09.21"]
[EventDate "2009.09.18"]
[Round "4"]
[Result "0-1"]
[White "Bart Michiels"]
[Black "Anna Muzychuk"]
[WhiteElo "2462"]
[BlackElo "2533"]
[PlyCount "126"]

1. e4 c5 2. Nf3 e6 3. d4 cxd4 4. Nxd4 Nf6 5. Nc3 Nc6 6. Ndb5
Bc5 7. Bf4 O-O 8. Bc7 Qe7 9. Bd6 Bxd6 10. Qxd6 Qd8 11. Qc7 d5
12. Qxd8 Rxd8 13. exd5 exd5 14. Rd1 Bf5 15. Nc7 Bxc2 16. Rd2
Rac8 17. N7xd5 Nxd5 18. Rxd5 Nb4 19. Rxd8+ Rxd8 20. a3 Nd3+
21. Bxd3 Bxd3 22. h4 f6 23. Rh3 Kf7 24. Re3 Rd4 25. f4 a5
26. g3 b5 27. Ne2 Rd7 28. Nc3 Kg6 29. Kd2 Bf5+ 30. Ke1 Bd3
31. Kd2 Bc4+ 32. Kc2 a4 33. Ne4 Bb3+ 34. Kc3 Rc7+ 35. Kb4 Rc2
36. Kxb5 Rxb2 37. Nc5 Bd1+ 38. Ka5 Rb8 39. Re7 h5 40. Ne6 Rg8
41. Nd4 Rd8 42. Ne6 Rd3 43. Nxg7 f5 44. Ne8 Rxa3 45. Rg7+ Kh6
46. Rg5 Rd3 47. Nf6 Rd6 48. Ng8+ Kh7 49. Kb4 Re6 50. Ka3 Bb3
51. Rxh5+ Kxg8 52. Rxf5 Re3 53. Rg5+ Kf7 54. Kb4 Bd1 55. h5 a3
56. Rf5+ Kg7 57. Rd5 Rb3+ 58. Kc4 a2 59. Rxd1 Rb1 60. Rd7+ Kh6
61. Ra7 a1=Q 62. Rxa1 Rxa1 63. Kd5 Kxh5 0-1

[Event "Inventi Chess Tournament"]
[Site "Antwerp BEL"]
[Date "2009.09.25"]
[EventDate "2009.09.18"]
[Round "8"]
[Result "1/2-1/2"]
[White "Anna Muzychuk"]
[Black "Bartosz Socko"]
[WhiteElo "2533"]
[BlackElo "2637"]
[PlyCount "104"]

1. e4 Nf6 2. e5 Nd5 3. d4 d6 4. Nf3 Bg4 5. Be2 c6 6. h3 Bxf3
7. Bxf3 dxe5 8. dxe5 e6 9. O-O Nd7 10. Qe2 Qc7 11. Re1 h6
12. Nd2 O-O-O 13. Nc4 g5 14. Bh5 N7b6 15. Nd6+ Bxd6 16. exd6
Qxd6 17. Bxf7 Nc7 18. c4 Rhf8 19. Be3 Rxf7 20. c5 Qd3 21. cxb6
Qxe2 22. Rxe2 axb6 23. Bxb6 Rd3 24. Bxc7 Kxc7 25. Rae1 Rf6
26. Rxe6 Rxe6 27. Rxe6 Rd2 28. b4 Rxa2 29. Rxh6 Rb2 30. h4 g4
31. Rh7+ Kb6 32. h5 Rxb4 33. Kh2 Rd4 34. Kg3 c5 35. h6 Rd6
36. Rh8 Rc6 37. h7 Rc7 38. Kxg4 c4 39. Kf3 Kb5 40. Ke2 Kb4
41. g4 c3 42. g5 c2 43. Rf8 Rxh7 44. Rc8 Kb3 45. g6 Rh8
46. Rc7 b5 47. f4 b4 48. f5 Rh2+ 49. Kd3 Rh3+ 50. Kd2 Rh2+
51. Kd3 Rh3+ 52. Kd2 Rh2+ 1/2-1/2

[Event "Inventi Chess Tournament"]
[Site "Antwerp BEL"]
[Date "2009.09.26"]
[EventDate "2009.09.18"]
[Round "9"]
[Result "1/2-1/2"]
[White "Gabriel Sargissian"]
[Black "Anna Muzychuk"]
[WhiteElo "2668"]
[BlackElo "2533"]
[PlyCount "87"]

1. d4 f5 2. Nc3 d5 3. Bf4 c6 4. e3 Nf6 5. Nf3 e6 6. Bd3 Be7
7. h3 O-O 8. Ne2 b6 9. O-O Ne4 10. c4 Nd7 11. Rc1 Bb7 12. cxd5
exd5 13. Qa4 a6 14. Rxc6 b5 15. Qc2 Bxc6 16. Qxc6 Kh8 17. Qxd5
Ndc5 18. Bxe4 Nxe4 19. Qb3 Bd6 20. Rd1 Rc8 21. Ne5 Qe7 22. Ng3
Nxg3 23. Bxg3 Bb8 24. a4 g5 25. f4 Bxe5 26. dxe5 bxa4 27. Qxa4
Rfd8 28. Rxd8+ Qxd8 29. Qxa6 Rc2 30. b4 g4 31. hxg4 Qd5
32. Qf1 fxg4 33. f5 Qe4 34. Kh2 Qxe3 35. Qa6 Qe4 36. Qf6+ Kg8
37. Qd8+ Kg7 38. Qe7+ Kg8 39. Qe6+ Kh8 40. Qf6+ Kg8 41. Qd8+
Kg7 42. Qe7+ Kg8 43. Qe8+ Kg7 44. Qe7+ 1/2-1/2

[Event "17th European Team Championship (Women)"]
[Site "Novi Sad SRB"]
[Date "2009.10.22"]
[EventDate "2009.10.22"]
[Round "1"]
[Result "0-1"]
[White "Sari Rautanen"]
[Black "Anna Muzychuk"]
[WhiteElo "1993"]
[BlackElo "2533"]
[PlyCount "64"]

1. Nf3 d6 2. d4 Nf6 3. c4 g6 4. Nc3 Bf5 5. Qb3 Qc8 6. Nh4 Bd7
7. e4 Nc6 8. Qd1 e5 9. d5 Nd4 10. Be3 Bg7 11. Bxd4 exd4
12. Qxd4 O-O 13. Qd2 Nxe4 14. Nxe4 Re8 15. Bd3 f5 16. f3 Qd8
17. g3 fxe4 18. fxe4 Qf6 19. O-O-O c5 20. Rhf1 Qe7 21. Kb1 b5
22. cxb5 Rab8 23. e5 Qxe5 24. Rde1 Qd4 25. Nf3 Rxe1+ 26. Rxe1
Qxd5 27. Qe2 Re8 28. Bc4 Bf5+ 29. Ka1 Bxb2+ 30. Qxb2 Rxe1+
31. Nxe1 Qxc4 32. Qf6 Qc1# 0-1

[Event "17th European Team Championship (Women)"]
[Site "Novi Sad SRB"]
[Date "2009.10.23"]
[EventDate "2009.10.22"]
[Round "2"]
[Result "0-1"]
[White "Anna Muzychuk"]
[Black "Elina Danielian"]
[WhiteElo "2533"]
[BlackElo "2489"]
[PlyCount "94"]

1. e4 e6 2. d4 d5 3. Nc3 Nf6 4. Bg5 Be7 5. e5 Nfd7 6. Bxe7
Qxe7 7. Nb5 Nb6 8. c3 a6 9. Na3 c5 10. f4 Nc6 11. Nf3 cxd4
12. cxd4 Qb4+ 13. Qd2 Bd7 14. Bd3 Rc8 15. Nc2 Qxd2+ 16. Kxd2
Nc4+ 17. Kc1 a5 18. Nd2 Nb4 19. Nxb4 axb4 20. Nxc4 dxc4
21. Be4 Bc6 22. Bxc6+ Rxc6 23. a3 bxa3 24. Rxa3 Ke7 25. Rd1
Rd8 26. Ra5 Rd5 27. Rxd5 exd5 28. g3 Rb6 29. Kc2 Rb3 30. Ra1
Ke6 31. Ra5 h5 32. f5+ Kxf5 33. Rxd5 Ke4 34. Rd7 Rf3 35. e6
fxe6 36. Rxb7 g5 37. Rd7 Rf2+ 38. Kc3 Rxh2 39. Rd6 Kf5 40. Rb6
Rh3 41. Rb5+ Kf6 42. Kxc4 Rxg3 43. d5 exd5+ 44. Rxd5 h4 45. b4
h3 46. Rd6+ Ke5 47. Rh6 Rg4+ 0-1

[Event "17th European Team Championship (Women)"]
[Site "Novi Sad SRB"]
[Date "2009.10.24"]
[EventDate "2009.10.22"]
[Round "3"]
[Result "1-0"]
[White "Anna Muzychuk"]
[Black "Asli Bayrak"]
[WhiteElo "2533"]
[BlackElo "2011"]
[PlyCount "65"]

1. f4 d5 2. Nf3 Nf6 3. g3 g6 4. Bg2 Bg7 5. O-O O-O 6. d3 e6
7. Qe1 c5 8. e4 Nc6 9. e5 Nd7 10. c4 Nb6 11. b3 a5 12. Ba3 Nb4
13. Qe2 Bd7 14. Nc3 Qc7 15. Rac1 Bc6 16. cxd5 N6xd5 17. Nxd5
Bxd5 18. d4 b6 19. Ng5 Bxg2 20. Qxg2 Rac8 21. Ne4 Rfd8
22. dxc5 bxc5 23. Nxc5 Qa7 24. Qb7 Rc7 25. Qxa7 Rxa7 26. Rfd1
Rxd1+ 27. Rxd1 Nd5 28. Ne4 Bf8 29. Bd6 Kg7 30. Rc1 Ne7 31. Nf6
Ra8 32. Nd7 Kg8 33. Nxf8 1-0